[Event "Fredericia Chess IM 2026"]
[Site "Fredericia"]
[Date "2026.05.17"]
[Round "9.5"]
[White "Nilssen, Ellen Fredericia"]
[Black "Falkesgaard, Jeppe Hald"]
[Result "0-1"]
[WhiteElo "2153"]
[BlackElo "2344"]
[WhiteFideId "1441230"]
[BlackFideId "1464981"]
[EventDate "2026.05.13"]
[EventType "tourn"]
[EventRounds "9"]
[EventCountry "DEN"]
[SourceTitle "Live v. Fredericia Chess Club"]

1. d4 d5 2. c4 e6 3. Nc3 Nf6 4. cxd5 exd5 5. Bg5 c6 6. e3 Be6 7. Bd3 Nbd7 8. Nf3 h6 9. Bh4 g5 10. Bg3 Nh5 11. Be5 Nxe5 12. Nxe5 Nf6 13. O-O Bd6 14. Rc1 Bxe5 15. dxe5 Ng4 16. Be2 Nxe5 17. Qd4 Qf6 18. Qb4 O-O-O 19. f4 gxf4 20. Rxf4 Qg5 21. Nb5 Kb8 22. Nd4 Ka8 23. Rc3 Rhg8 24. g3 Rd7 25. Ra3 Qe7 26. Qa5 b6 27. Qa4 Qd6 28. Qa6 h5 29. Rb3 Rb7 30. Bxh5 Nc4 31. Rf2 Rc7 32. Nxe6 fxe6 33. Be2 Nd2 34. Ra3 Rxg3+ 35. Kh1 Ne4 36. Rf7 Kb8 37. Rf4 0-1